| 000 | 00845nac a22002171u 4500 | ||
|---|---|---|---|
| 008 | 120115s2007 uk|||||r|||| 00| 0 eng d | ||
| 020 | _a9781859649268 | ||
| 082 |
_a371.30281 _bMAN _222 |
||
| 100 |
_aManning, Anthony _928376 |
||
| 245 |
_aExamination technique/ _cAnthony Manning & Frances Russell with Jane Brooks _nModule12 _pCourse book |
||
| 260 |
_aLondon: _bGarnet pub.,2007 _c2007 |
||
| 300 |
_a38 p.: _bill.; _c23 cm. |
||
| 440 |
_auniversity foundation study _928377 |
||
| 650 |
_aTest-taking skills _928378 |
||
| 650 |
_aStudy skills _928379 |
||
| 650 |
_aLife skills _928380 |
||
| 700 |
_aRussell, Frances _928381 |
||
| 700 |
_aBrooks, Jane _928382 |
||
| 942 |
_cNB _k371.30281M2832 _2ddc |
||
| 999 |
_c4839 _d4839 |
||